[Event "Scarborough CC ch Reserves op"]
[Site "Toronto CAN"]
[Date "2010.03.18"]
[Round "4"]
[White "Takov, Chris"]
[Black "Husain, Imtiaz"]
[Result "0-1"]
[WhiteElo "1792"]
[BlackElo "2126"]
[PlyCount "48"]
[EventDate "2010.02.25"]
[EventType "swiss"]
[EventRounds "9"]
[EventCountry "CAN"]

1. d4 Nf6 2. c4 g6 3. g3 Bg7 4. Bg2 O-O 5. Nc3 d6 6. e4 Nbd7 7. Nge2 e5 8. d5
Ne8 9. O-O f5 10. f4 Nc5 11. b4 Nxe4 12. Nxe4 fxe4 13. Bxe4 exf4 14. Bxf4 Bxa1
15. Qxa1 Qf6 16. Qc1 Bh3 17. Rf3 Ng7 18. Qb1 Rae8 19. Be3 Qe7 20. Rxf8+ Rxf8
21. Bf4 g5 22. Bxh7+ Kh8 23. Bd3 gxf4 24. Be4 Bf5 0-1

[Event "Scarborough CC ch Reserves op"]
[Site "Toronto CAN"]
[Date "2010.03.25"]
[Round "5"]
[White "Bellomo, Joe"]
[Black "Bao, Stephen"]
[Result "0-1"]
[WhiteElo "1778"]
[BlackElo "1619"]
[PlyCount "110"]
[EventDate "2010.02.25"]
[EventType "swiss"]
[EventRounds "9"]
[EventCountry "CAN"]

1. e4 c5 2. Nf3 d6 3. d4 cxd4 4. Nxd4 Nf6 5. Nc3 a6 6. Be2 e6 7. O-O Be7 8. Be3
Qc7 9. f4 Nc6 10. Bf3 Nxd4 11. Bxd4 O-O 12. e5 Nd7 13. exd6 Bxd6 14. Be4 Bc5
15. Kh1 Bxd4 16. Qxd4 Rd8 17. Rad1 Re8 18. Qf2 Nf6 19. Bd3 b5 20. Qh4 Bb7 21.
a3 h6 22. Rde1 Qc5 23. Re5 Qd4 24. Rd1 Qb6 25. Rde1 b4 26. axb4 Qxb4 27. Nd1
Rad8 28. b3 Rd5 29. Rxd5 Nxd5 30. Rf1 e5 31. Bc4 Nxf4 32. Ne3 Qd6 33. Qg3 Rf8
34. Rf2 Be4 35. h3 a5 36. Kh2 Bg6 37. Rf1 Kh7 38. Rd1 Qe7 39. Qf2 Rd8 40. Rxd8
Qxd8 41. Ng4 Qd4 42. Qxd4 exd4 43. Ne5 Bxc2 44. Nxf7 d3 45. Bxd3+ Nxd3 46. Nd6
Bxb3 47. Nb5 a4 48. Kg3 Nb4 49. Kf2 Nc2 50. Nc3 a3 51. Ke2 a2 52. Nxa2 Bxa2 53.
Kd2 Nd4 54. Kc3 Ne6 55. Kb4 Nf4 0-1

[Event "Scarborough CC ch Reserves op"]
[Site "Toronto CAN"]
[Date "2010.03.25"]
[Round "5"]
[White "Fiedler, Brian"]
[Black "Conte, Mike"]
[Result "1/2-1/2"]
[WhiteElo "2161"]
[BlackElo "1823"]
[PlyCount "90"]
[EventDate "2010.02.25"]
[EventType "swiss"]
[EventRounds "9"]
[EventCountry "CAN"]

1. Nf3 d5 2. g3 Nf6 3. Bg2 g6 4. O-O Bg7 5. d3 Nc6 6. Nbd2 O-O 7. e4 Bg4 8. h3
Bxf3 9. Qxf3 Nd4 10. Qd1 e5 11. c3 Nc6 12. Qb3 Na5 13. Qc2 c5 14. Re1 Re8 15.
Nf3 Rc8 16. Bd2 Nc6 17. Rad1 Qc7 18. Bg5 d4 19. c4 h6 20. Bd2 a5 21. Nh4 Nd7
22. f4 exf4 23. gxf4 Qd8 24. Nf3 Kh7 25. Kh2 Qc7 26. Kh1 Qd8 27. Rg1 Bf6 28.
Rdf1 Bh4 29. Kh2 Be7 30. a3 Bd6 31. Kh1 Bc7 32. Nh2 Nf6 33. Bf3 Qd7 34. e5 Nh5
35. Bg4 Qd8 36. Qd1 Ng7 37. Bxc8 Qxc8 38. Ng4 Nh5 39. Qf3 Qf5 40. Nf2 Bxe5 41.
Qe4 Bxf4 42. Qxf5 gxf5 43. Bxf4 Nxf4 44. Re1 Re3 45. Kh2 Ne5 1/2-1/2

[Event "Scarborough CC ch Reserves op"]
[Site "Toronto CAN"]
[Date "2010.03.25"]
[Round "5"]
[White "Huston, Scott"]
[Black "Bellissimo, Joseph"]
[Result "1-0"]
[WhiteElo "1630"]
[BlackElo "1726"]
[PlyCount "103"]
[EventDate "2010.02.25"]
[EventType "swiss"]
[EventRounds "9"]
[EventCountry "CAN"]

1. d4 Nf6 2. c4 e6 3. Nf3 d5 4. Bg5 Nbd7 5. e3 c6 6. Nc3 Bd6 7. c5 Bc7 8. Bd3
b6 9. b4 a5 10. b5 Bb7 11. Na4 bxc5 12. dxc5 e5 13. b6 Bb8 14. e4 h6 15. Bxf6
Nxf6 16. Nd2 O-O 17. O-O Ba6 18. Bxa6 Rxa6 19. exd5 Qxd5 20. Qe2 Ra8 21. Rfd1
Qe6 22. Ne4 Nxe4 23. Qxe4 f5 24. Qd3 e4 25. Qd7 Qxd7 26. Rxd7 Be5 27. Rb1 Rf7
28. Rbd1 Rb8 29. Rxf7 Kxf7 30. Rd7+ Ke6 31. Ra7 Rd8 32. Kf1 Rd2 33. b7 Rxa2 34.
Nb6 f4 35. Ra8 Ra1+ 36. Ke2 Ra2+ 37. Kd1 Ra1+ 38. Kc2 Ra2+ 39. Kb3 Rb2+ 40. Ka3
Rb1 41. Re8+ Kf6 42. Rxe5 Kxe5 43. b8=Q+ Kd4 44. Qxf4 Kc3 45. Qe3+ Kc2 46.
Qxe4+ Kc1 47. Qc4+ Kd2 48. Qa2+ Kc1 49. Nc4 Rb3+ 50. Qxb3 a4 51. Qb2+ Kd1 52.
Qd2# 1-0

[Event "Scarborough CC ch Reserves op"]
[Site "Toronto CAN"]
[Date "2010.03.25"]
[Round "5"]
[White "Luiting, Larry"]
[Black "Lin, Tony (Juntao)"]
[Result "0-1"]
[WhiteElo "1702"]
[BlackElo "1734"]
[PlyCount "67"]
[EventDate "2010.02.25"]
[EventType "swiss"]
[EventRounds "9"]
[EventCountry "CAN"]

1. e4 c5 2. Nf3 d6 3. d4 cxd4 4. Nxd4 Nf6 5. Nc3 Nc6 6. Bc4 e6 7. Bg5 Be7 8.
O-O a6 9. a4 O-O 10. Kh1 h6 11. Be3 Ne5 12. Bb3 Neg4 13. Bc1 Qb6 14. h3 e5 15.
hxg4 exd4 16. Nd5 Nxd5 17. Bxd5 Be6 18. a5 Qb5 19. c4 dxc3 20. bxc3 Bxd5 21.
exd5 Bf6 22. Ra3 Rac8 23. Rb3 Qd7 24. Qf3 Rc5 25. Rd1 Rxa5 26. Bxh6 Ra4 27. g5
Be5 28. g3 gxh6 29. gxh6 Qh3+ 30. Kg1 Qxh6 31. Kg2 Qg6 32. Rh1 Qe4 33. Qxe4
Rxe4 34. Rxb7 0-1

[Event "Scarborough CC ch Reserves op"]
[Site "Toronto CAN"]
[Date "2010.03.25"]
[Round "5"]
[White "Maister, Martin"]
[Black "Morra, Lui"]
[Result "0-1"]
[WhiteElo "1875"]
[BlackElo "1660"]
[PlyCount "102"]
[EventDate "2010.02.25"]
[EventType "swiss"]
[EventRounds "9"]
[EventCountry "CAN"]

1. c4 c5 2. Nc3 Nc6 3. g3 e6 4. Bg2 Nf6 5. e3 d5 6. cxd5 exd5 7. Nge2 d4 8. Ne4
Bg4 9. f3 Bf5 10. O-O Be7 11. Qb3 Qd7 12. Nxf6+ Bxf6 13. e4 Be6 14. Qc2 d3 15.
Qd1 dxe2 16. Qxe2 Nd4 17. Qd1 O-O 18. d3 Bh3 19. Be3 Bxg2 20. Kxg2 Rfd8 21. f4
Ne6 22. e5 Qxd3 23. exf6 Qxe3 24. Qg4 Rd2+ 25. Kh3 Qe2 26. Qxe2 Rxe2 27. f5 Nd4
28. fxg7 Kxg7 29. f6+ Kg6 30. Rac1 b6 31. Rf4 h5 32. Rcf1 Rxb2 33. g4 Re8 34.
gxh5+ Kh6 35. Rh4 Re3+ 36. Kg4 Re4+ 37. Kg3 Rxh4 38. Kxh4 Rxh2+ 39. Kg4 c4 40.
Re1 Re2 41. Rc1 Rg2+ 42. Kh3 Rc2 43. Re1 Ne2 44. a4 c3 45. Kg4 Rd2 46. Kf3 c2
47. a5 Rd1 48. axb6 axb6 49. Rxe2 c1=Q 50. Kf2 Qf4+ 51. Kg2 Qf1+ 0-1

[Event "Scarborough CC ch Reserves op"]
[Site "Toronto CAN"]
[Date "2010.03.25"]
[Round "5"]
[White "Mesiti, Silvano"]
[Black "Gillis, Doug"]
[Result "1/2-1/2"]
[WhiteElo "1735"]
[BlackElo "1611"]
[PlyCount "87"]
[EventDate "2010.02.25"]
[EventType "swiss"]
[EventRounds "9"]
[EventCountry "CAN"]

1. e4 e6 2. d4 d5 3. e5 c5 4. c3 Qb6 5. Nf3 Bd7 6. Be2 Bb5 7. O-O Bxe2 8. Qxe2
Qa6 9. Qc2 Nd7 10. Be3 Rc8 11. Qd2 Ne7 12. Na3 Nf5 13. Nc2 cxd4 14. Ncxd4 Nxe3
15. Qxe3 Be7 16. a3 O-O 17. Nc2 Qb6 18. Qxb6 Nxb6 19. Ne3 Nc4 20. Nxc4 Rxc4 21.
Rad1 b5 22. Nd2 Rc7 23. Nb3 Ra8 24. Na5 Bc5 25. Rd3 Bb6 26. Nb3 a5 27. Rfd1 Rc4
28. Nd4 Bxd4 29. Rxd4 Rac8 30. Kf1 Kf8 31. Ke2 Ke7 32. f4 R8c6 33. f5 R6c5 34.
g4 b4 35. axb4 axb4 36. cxb4 Rb5 37. Rxc4 dxc4 38. Kd2 exf5 39. gxf5 Rd5+ 40.
Kc2 Rxe5 41. Kc3 Rxf5 42. Rd2 Rf4 43. b5 h5 44. Rd5 1/2-1/2

[Event "Scarborough CC ch Reserves op"]
[Site "Toronto CAN"]
[Date "2010.03.25"]
[Round "5"]
[White "Moran-Venegas, Mario"]
[Black "Farrant-Diaz, Nathan"]
[Result "1-0"]
[WhiteElo "1735"]
[BlackElo "1698"]
[PlyCount "95"]
[EventDate "2010.02.25"]
[EventType "swiss"]
[EventRounds "9"]
[EventCountry "CAN"]

1. e4 b6 2. d4 Bb7 3. Bd3 Nf6 4. Nd2 e6 5. f4 d5 6. e5 Ne4 7. Ngf3 c5 8. c3
cxd4 9. cxd4 Bb4 10. a3 Bxd2+ 11. Nxd2 Qh4+ 12. g3 Nxg3 13. Nf3 Qh3 14. Rg1 Ne4
15. Rxg7 Nc6 16. Be3 Ke7 17. Qe2 Rhg8 18. Rxg8 Rxg8 19. O-O-O Rg2 20. Qf1 Qg4
21. Be2 Na5 22. Kb1 Qg6 23. Ka2 Qg8 24. Rc1 Kd8 25. Ba6 Bc6 26. Qe1 Qf8 27.
Qh4+ Ke8 28. Bb5 Kd7 29. Bxc6+ Nxc6 30. Qh3 Qg8 31. Ng5 Re2 32. Nxe4 dxe4 33.
d5 Ne7 34. dxe6+ fxe6 35. Rd1+ Kc7 36. Bxb6+ axb6 37. Qc3+ Kb8 38. Rd7 Nd5 39.
Qc6 Qc8 40. Qd6+ Ka8 41. Rd8 Qxd8 42. Qxd8+ Ka7 43. Qd7+ Ka6 44. Qxe6 Nxf4 45.
Qc4+ Ka7 46. Qf7+ Ka6 47. Qxf4 e3 48. Qf1 1-0

[Event "Scarborough CC ch Reserves op"]
[Site "Toronto CAN"]
[Date "2010.03.25"]
[Round "5"]
[White "Moysoski, Randy"]
[Black "Hahnewald, Uwe"]
[Result "1/2-1/2"]
[WhiteElo "1886"]
[BlackElo "1935"]
[PlyCount "66"]
[EventDate "2010.02.25"]
[EventType "swiss"]
[EventRounds "9"]
[EventCountry "CAN"]

1. e4 e5 2. f4 exf4 3. Bc4 d6 4. Nf3 h6 5. O-O Nc6 6. d4 g5 7. c3 Bg7 8. b4 a6
9. a4 Bg4 10. Qd3 Nf6 11. Nbd2 O-O 12. Bb3 Bh5 13. Qb1 Bg6 14. Bc2 Ng4 15. Nb3
Re8 16. Re1 Qd7 17. h3 Nf6 18. Nh2 b6 19. Bd2 a5 20. b5 Nd8 21. Bd3 Ne6 22. Qc2
Nh5 23. Ng4 Nf8 24. d5 Nh7 25. Nd4 Ng3 26. Nc6 Rac8 27. Rad1 Nf6 28. Nxf6+ Bxf6
29. Na7 Ra8 30. Nc6 Bh5 31. Rc1 Bg6 32. Rcd1 Kh8 33. Nd4 Kg8 1/2-1/2

[Event "Scarborough CC ch Reserves op"]
[Site "Toronto CAN"]
[Date "2010.03.25"]
[Round "5"]
[White "Rapoport, Alexander"]
[Black "Bzikot, Robert"]
[Result "1/2-1/2"]
[WhiteElo "1809"]
[BlackElo "1928"]
[PlyCount "57"]
[EventDate "2010.02.25"]
[EventType "swiss"]
[EventRounds "9"]
[EventCountry "CAN"]

1. Nf3 f5 2. b3 Nf6 3. Bb2 d6 4. d4 g6 5. e3 Bg7 6. Nbd2 O-O 7. Bc4+ e6 8. Qe2
a6 9. b4 b5 10. Bb3 Nc6 11. a3 Kh8 12. O-O d5 13. Ne5 Nxe5 14. dxe5 Nd7 15. Nf3
c5 16. bxc5 Nxc5 17. Bd4 Qe7 18. Nd2 Bd7 19. f4 Rac8 20. c3 g5 21. Bc2 g4 22.
g3 h5 23. h3 Be8 24. Qh2 Kg8 25. Kg2 Bg6 26. Rfb1 Rb8 27. h4 Rfc8 28. Qg1 Be8
29. Qd1 1/2-1/2

[Event "Scarborough CC ch Reserves op"]
[Site "Toronto CAN"]
[Date "2010.03.25"]
[Round "5"]
[White "Rutherdale, William"]
[Black "Azmitia, Gabriel"]
[Result "1/2-1/2"]
[WhiteElo "1734"]
[BlackElo "1575"]
[PlyCount "51"]
[EventDate "2010.02.25"]
[EventType "swiss"]
[EventRounds "9"]
[EventCountry "CAN"]

1. d4 d5 2. c4 e6 3. Nc3 b6 4. Nf3 a6 5. Bf4 Nf6 6. e3 Be7 7. Bd3 Bb7 8. Ne5
Nbd7 9. Qe2 Bb4 10. Bg5 h6 11. Nxd7 hxg5 12. Nxf6+ Qxf6 13. f3 c6 14. a3 Bd6
15. cxd5 exd5 16. O-O-O b5 17. e4 Qf4+ 18. Kb1 Rxh2 19. Rxh2 Qxh2 20. exd5+ Kf8
21. Re1 cxd5 22. Nd1 Bc6 23. Qc2 Bd7 24. Ne3 Rc8 25. Qf2 Bg3 26. Qg1 1/2-1/2

[Event "Scarborough CC ch Reserves op"]
[Site "Toronto CAN"]
[Date "2010.03.25"]
[Round "5"]
[White "Stewart, Frankie"]
[Black "Krupka, David"]
[Result "1/2-1/2"]
[WhiteElo "1766"]
[BlackElo "2015"]
[PlyCount "77"]
[EventDate "2010.02.25"]
[EventType "swiss"]
[EventRounds "9"]
[EventCountry "CAN"]

1. c4 Nf6 2. Nc3 g6 3. e4 d6 4. Nf3 Bg7 5. d4 O-O 6. Be2 e5 7. O-O Nc6 8. dxe5
dxe5 9. Qb3 Qe7 10. Bg5 Be6 11. Qxb7 Nb4 12. Qb5 Nc2 13. Rab1 h6 14. Bh4 Nd4
15. Qxe5 Nxe2+ 16. Nxe2 g5 17. Bg3 Nh5 18. Qxc7 Qxc7 19. Bxc7 Bxc4 20. Rfe1
Bxa2 21. Rbd1 Rac8 22. Bd6 Rfd8 23. e5 Rc2 24. Rd2 Rxd2 25. Nxd2 Bxe5 26. Bxe5
Rxd2 27. Bc3 Rd8 28. g4 Ng7 29. Ng3 Be6 30. Ne4 Ne8 31. f3 Bb3 32. Kf2 Bc2 33.
Nd2 Nc7 34. Ba5 Rd5 35. Bxc7 Rxd2+ 36. Re2 Rxe2+ 37. Kxe2 Ba4 38. b4 Kg7 39.
Ke3 1/2-1/2

[Event "Scarborough CC ch Reserves op"]
[Site "Toronto CAN"]
[Date "2010.03.25"]
[Round "5"]
[White "Super, Russell"]
[Black "Radpey, Abdolreza"]
[Result "0-1"]
[WhiteElo "1449"]
[BlackElo "1555"]
[PlyCount "52"]
[EventDate "2010.02.25"]
[EventType "swiss"]
[EventRounds "9"]
[EventCountry "CAN"]

1. e4 c5 2. Nf3 Nc6 3. d4 cxd4 4. Nxd4 e5 5. Nb3 Nf6 6. Nc3 d6 7. Be2 Be7 8.
O-O O-O 9. Be3 a6 10. h3 Be6 11. Qd2 h6 12. f4 exf4 13. Bxf4 Ne5 14. Kh1 Qc8
15. Bxe5 dxe5 16. Qe3 Rd8 17. Nd2 Bc5 18. Qg3 Rxd2 19. Rxf6 Bd4 20. Rxh6 Qd8
21. Bh5 Bf2 22. Bxf7+ Bxf7 23. Qg4 Be3 24. Rg6 Bxg6 25. Qxg6 Qg5 26. Qe6+ Kh8
0-1

[Event "Scarborough CC ch Reserves op"]
[Site "Toronto CAN"]
[Date "2010.03.25"]
[Round "5"]
[White "Verde, Pino"]
[Black "Armstrong, Robert J"]
[Result "0-1"]
[WhiteElo "1895"]
[BlackElo "1736"]
[PlyCount "92"]
[EventDate "2010.02.25"]
[EventType "swiss"]
[EventRounds "9"]
[EventCountry "CAN"]

1. e4 g6 2. d4 Bg7 3. e5 d6 4. f4 c5 5. c3 Nh6 6. dxc5 dxe5 7. Qxd8+ Kxd8 8.
fxe5 Ng4 9. Nf3 Nxe5 10. Nxe5 Bxe5 11. Bc4 f5 12. Be3 Bd7 13. Na3 a6 14. Rd1
Kc7 15. Rd5 Bf6 16. Bf4+ Kc8 17. Kf2 Bc6 18. Rd2 e5 19. Be6+ Kc7 20. Bh6 Re8
21. Bb3 Nd7 22. Bc2 Bh4+ 23. Ke2 Nxc5 24. Rhd1 Rad8 25. Bg7 Rxd2+ 26. Rxd2 Bxg2
27. Nc4 Nd7 28. Bh6 f4 29. Nd6 Re6 30. Ne4 Nf6 31. Nc5 f3+ 32. Kd1 Rd6 33. Rxd6
Kxd6 34. Bf8+ Kc6 35. Ne4 f2 36. Nxf2 Bxf2 37. Ke2 Bg1 38. h4 e4 39. Be7 Ng4
40. Bg5 Bf3+ 41. Kf1 Ne3+ 42. Kxg1 Nxc2 43. Kf2 Kd5 44. b3 Bd1 45. Bc1 b5 46.
Bh6 a5 0-1

[Event "Scarborough CC ch Reserves op"]
[Site "Toronto CAN"]
[Date "2010.03.25"]
[Round "5"]
[White "Ward, Dean"]
[Black "Paterson, Jim"]
[Result "1-0"]
[WhiteElo "1806"]
[BlackElo "1905"]
[PlyCount "135"]
[EventDate "2010.02.25"]
[EventType "swiss"]
[EventRounds "9"]
[EventCountry "CAN"]

1. d4 Nf6 2. c4 e5 3. dxe5 Ng4 4. Qd4 h5 5. h3 Nc6 6. Qe4 Bb4+ 7. Bd2 Bxd2+ 8.
Nxd2 Ngxe5 9. f4 Qh4+ 10. Kd1 d6 11. fxe5 Qxe4 12. Nxe4 Nxe5 13. b3 Bf5 14. Nc3
c6 15. e4 Be6 16. Nf3 Ng6 17. Nd4 Ke7 18. Nf5+ Bxf5 19. exf5 Ne5 20. Be2 Rad8
21. Kc2 h4 22. Rad1 Nd7 23. Ne4 Nf6 24. Nxf6 Kxf6 25. Rhf1 Rhe8 26. Bd3 Re3 27.
Rd2 d5 28. Rf4 dxc4 29. Rxc4 Rd5 30. Rxh4 Rc5+ 31. Rc4 Ra5 32. a4 Rd5 33. Rc3
Kg5 34. Re2 Rg3 35. Be4 Rxc3+ 36. Kxc3 Re5 37. g4 Kf4 38. Kd3 Kg3 39. Re3+ Kf4
40. Rf3+ Kg5 41. Kd4 f6 42. Bd3 Rd5+ 43. Kc3 Re5 44. Bc4 Kh4 45. Kd4 c5+ 46.
Kd3 Re1 47. Kd2 Re7 48. Re3 Rd7+ 49. Rd3 Re7 50. Be6 g5 51. Ke2 b6 52. Kf2 Rc7
53. Kg2 Re7 54. Rd8 Rh7 55. Rf8 Rh6 56. Rf7 a6 57. Ra7 Rh8 58. Rf7 b5 59. axb5
axb5 60. Rxf6 c4 61. bxc4 bxc4 62. Bxc4 Rh7 63. Bg8 Rh8 64. Rg6 Rh7 65. f6 Rh8
66. f7 Rh7 67. f8=Q Rf7 68. Rh6# 1-0

[Event "Scarborough CC ch Reserves op"]
[Site "Toronto CAN"]
[Date "2010.03.25"]
[Round "5"]
[White "Wu, Kevin"]
[Black "Song, Michael"]
[Result "1-0"]
[WhiteElo "1911"]
[BlackElo "1858"]
[PlyCount "127"]
[EventDate "2010.02.25"]
[EventType "swiss"]
[EventRounds "9"]
[EventCountry "CAN"]

1. e4 c5 2. Nf3 Nc6 3. d4 cxd4 4. Nxd4 Nf6 5. Nc3 g6 6. Be3 Bg7 7. f3 O-O 8.
Bc4 d6 9. Qd2 Bd7 10. O-O-O Ne5 11. Bb3 Rc8 12. h4 h5 13. Bg5 Nc4 14. Qd3 b5
15. g4 Bxg4 16. Bxf6 Bxf6 17. fxg4 Ne5 18. Qxb5 Nxg4 19. Nd5 Nf2 20. Nxf6+ exf6
21. Rhg1 Kh7 22. Rde1 Rc5 23. Qe2 Ng4 24. Bxf7 Rxf7 25. Ne6 Qc8 26. Nxc5 Qxc5
27. Rg3 Qe5 28. Rb3 Re7 29. Rb5 Qe6 30. Qd2 f5 31. Rd5 fxe4 32. Rxd6 Qxa2 33.
Qg5 Rg7 34. Rxe4 Qa1+ 35. Kd2 Qxb2 36. Rd8 Nf6 37. Red4 Qb6 38. Qe3 Rb7 39. Ke2
Qc7 40. R4d7+ Qxd7 41. Rxd7+ Rxd7 42. Qe6 Kg7 43. c4 a5 44. c5 Rc7 45. c6 a4
46. Kd2 a3 47. Kc2 Ng4 48. Kb3 Rf7 49. Kxa3 Nh6 50. c7 Rxc7 51. Qe5+ Kf7 52.
Qxc7+ Kf6 53. Qf4+ Nf5 54. Kb4 Ke6 55. Kc5 Kf6 56. Kd5 Kf7 57. Ke5 Ke7 58. Qg5+
Kd7 59. Kf6 Ne7 60. Qb5+ Nc6 61. Kxg6 Kd6 62. Kxh5 Ne5 63. Qxe5+ Kxe5 64. Kg6
1-0

[Event "Scarborough CC ch Reserves op"]
[Site "Toronto CAN"]
[Date "2010.03.25"]
[Round "5"]
[White "Xie, Peter"]
[Black "Graham, John"]
[Result "1-0"]
[WhiteElo "1546"]
[BlackElo "1447"]
[PlyCount "84"]
[EventDate "2010.02.25"]
[EventType "swiss"]
[EventRounds "9"]
[EventCountry "CAN"]

1. e4 c5 2. Nf3 Nf6 3. Nc3 d6 4. d4 Bd7 5. dxc5 dxc5 6. e5 Ng4 7. h3 Nh6 8. Bc4
e6 9. a4 a6 10. Ne4 Qc7 11. Nd6+ Bxd6 12. Qxd6 Qxd6 13. exd6 Nf5 14. Bf4 Nc6
15. c3 g6 16. g4 Ng7 17. Ne5 Nxe5 18. Bxe5 O-O 19. Bf6 Rfc8 20. Ke2 Ne8 21. Be7
f6 22. Rhe1 Kf7 23. Kf3 Nc7 24. Rad1 b5 25. axb5 axb5 26. Bf1 Nd5 27. g5 Nxe7
28. dxe7 Bc6+ 29. Kg3 f5 30. Rd6 Kxe7 31. Rexe6+ Kf8 32. Rxc6 Rxc6 33. Rxc6 c4
34. Rb6 Ra5 35. Rb7 Kg8 36. Bg2 b4 37. Rxb4 Rc5 38. Kf4 h5 39. Bf1 Kf7 40.
Bxc4+ Ke7 41. Rb7+ Kd8 42. Bf7 Re5 1-0

[Event "Scarborough CC ch Reserves op"]
[Site "Toronto CAN"]
[Date "2010.03.25"]
[Round "5"]
[White "Zhou, Kevin"]
[Black "Picana, Andrew"]
[Result "0-1"]
[WhiteElo "1919"]
[BlackElo "2084"]
[PlyCount "118"]
[EventDate "2010.02.25"]
[EventType "swiss"]
[EventRounds "9"]
[EventCountry "CAN"]

1. e4 e6 2. d4 d5 3. Nc3 Bb4 4. e5 Ne7 5. Qg4 Ng6 6. Bd3 c5 7. a3 Bxc3+ 8. bxc3
Qa5 9. Bd2 c4 10. Bxg6 hxg6 11. Nh3 Nc6 12. f4 Bd7 13. Ng5 Ne7 14. Qd1 f6 15.
Nf3 Nf5 16. O-O Kf7 17. Qb1 Bc6 18. Qb4 Qa4 19. Ra2 Rac8 20. Rb1 Qxb4 21. cxb4
Ba4 22. c3 a6 23. Kf2 Ne7 24. Ke2 Rc7 25. Be1 Nc8 26. Bf2 Nb6 27. Kd2 Bb3 28.
Raa1 Ra8 29. Bg3 Rcc8 30. Bf2 a5 31. Ne1 Ra6 32. Nd3 cxd3 33. Rxb3 a4 34. Rbb1
Nc4+ 35. Kxd3 b5 36. Ra2 Rac6 37. Be1 Rh8 38. h3 Rcc8 39. Rc1 Rh5 40. Rcc2 Ke7
41. Re2 Kd7 42. Bd2 fxe5 43. fxe5 Rf5 44. Be3 Rcf8 45. Rf2 Rxf2 46. Bxf2 Nxa3
47. Ke2 Nc4 48. Be3 Nxe3 49. Kxe3 Rf1 50. Ke2 Rf4 51. g3 Rf8 52. h4 Ke7 53. Ke3
Rf1 54. Ke2 Rc1 55. Ra3 Kf7 56. Kf3 g5 57. Kg4 gxh4 58. gxh4 Kg6 59. Kf4 Kh5
0-1

[Event "Scarborough CC ch Reserves op"]
[Site "Toronto CAN"]
[Date "2010.04.01"]
[Round "6"]
[White "Armstrong, Robert J"]
[Black "Rutherdale, William"]
[Result "1-0"]
[WhiteElo "1736"]
[BlackElo "1734"]
[PlyCount "59"]
[EventDate "2010.02.25"]
[EventType "swiss"]
[EventRounds "9"]
[EventCountry "CAN"]

1. d4 d5 2. c4 c6 3. e3 Nf6 4. Nf3 e6 5. Bd3 Bd6 6. O-O O-O 7. Nc3 a6 8. b3
Nbd7 9. Bb2 e5 10. dxe5 Nxe5 11. Nxe5 Bxe5 12. h3 d4 13. exd4 Bxd4 14. Qc2 Ba7
15. Rad1 Qc7 16. Ne4 Nh5 17. Nd6 Be6 18. Bxh7+ Kh8 19. Rfe1 c5 20. Bg6 Nf4 21.
Bf5 Rad8 22. Qc3 Nh5 23. Bxe6 fxe6 24. Qe5 Nf6 25. Qg3 Bb8 26. Rxe6 Rd7 27.
Qh4+ Kg8 28. Qg5 Rfd8 29. Bxf6 Rxd6 30. Rexd6 1-0

[Event "Scarborough CC ch Reserves op"]
[Site "Toronto CAN"]
[Date "2010.04.01"]
[Round "6"]
[White "Bao, Stephen"]
[Black "Zhou, Kevin"]
[Result "0-1"]
[WhiteElo "1619"]
[BlackElo "1919"]
[PlyCount "110"]
[EventDate "2010.02.25"]
[EventType "swiss"]
[EventRounds "9"]
[EventCountry "CAN"]

1. e4 e5 2. Nf3 Nc6 3. Bb5 a6 4. Ba4 Nf6 5. O-O Be7 6. Re1 b5 7. Bb3 d6 8. c3
O-O 9. h3 Na5 10. Bc2 c5 11. d4 Nd7 12. d5 Nb6 13. Nbd2 f5 14. b3 c4 15. Nf1
Qc7 16. Bb2 Nb7 17. Ng3 fxe4 18. Nxe4 Nc5 19. Nxc5 Qxc5 20. Be4 Bb7 21. b4 Qc7
22. Nxe5 dxe5 23. d6 Bxd6 24. Bxb7 Rad8 25. Bd5+ Nxd5 26. Qxd5+ Qf7 27. Qxf7+
Kxf7 28. a4 Ra8 29. Rad1 Rfd8 30. axb5 axb5 31. Rd5 Rab8 32. Red1 Bc7 33. Bc1
Ke6 34. Rxd8 Rxd8 35. Rxd8 Bxd8 36. Be3 Kd5 37. f3 Bf6 38. Kf2 e4 39. Bd2 exf3
40. gxf3 Ke5 41. Kg3 Kf5 42. Kf2 h5 43. Kg2 g6 44. Kf2 Bg5 45. Be3 Bxe3+ 46.
Kxe3 g5 47. Kd4 Kf4 48. Kc5 Kxf3 49. Kxb5 g4 50. hxg4 hxg4 51. Kxc4 g3 52. Kb5
g2 53. c4 g1=Q 54. c5 Ke4 55. Kc6 Qg6+ 0-1

[Event "Scarborough CC ch Reserves op"]
[Site "Toronto CAN"]
[Date "2010.04.01"]
[Round "6"]
[White "Hahnewald, Uwe"]
[Black "Conte, Mike"]
[Result "0-1"]
[WhiteElo "1935"]
[BlackElo "1823"]
[PlyCount "98"]
[EventDate "2010.02.25"]
[EventType "swiss"]
[EventRounds "9"]
[EventCountry "CAN"]

1. e4 c6 2. d4 d5 3. Nc3 dxe4 4. Nxe4 Bf5 5. Ng3 Bg6 6. h4 h6 7. h5 Bh7 8. Nf3
Nd7 9. Bd3 Bxd3 10. Qxd3 Ngf6 11. Bf4 Qa5+ 12. c3 e6 13. Bd2 Bd6 14. c4 Bb4 15.
a3 Bxd2+ 16. Nxd2 O-O 17. f3 Qc7 18. Kf2 Qf4 19. Nge4 Nxe4+ 20. Nxe4 Ne5 21.
Qc3 Ng4+ 22. Ke2 Nf6 23. Nxf6+ gxf6 24. Rad1 Qg3 25. Kf1 Kh7 26. Qc2+ f5 27.
Rh3 Qg5 28. Qf2 Rg8 29. f4 Qe7 30. Rdd3 Qd6 31. Rhg3 Rxg3 32. Qxg3 Rg8 33. Qe3
b5 34. cxb5 cxb5 35. Qf3 Rc8 36. g3 Rc2 37. Qb7 Qc6 38. Qxf7+ Kh8 39. Qf6+ Kg8
40. Qg6+ Kf8 41. Qxh6+ Ke8 42. Qh8+ Kd7 43. Qg7+ Kc8 44. Qh8+ Kb7 45. Qg7+ Ka6
46. d5 Qc4 47. Qd4 Qa2 48. d6 Rh2 49. Qg1 Qb1+ 0-1

[Event "Scarborough CC ch Reserves op"]
[Site "Toronto CAN"]
[Date "2010.04.01"]
[Round "6"]
[White "Husain, Imtiaz"]
[Black "Ugodnikov, Arkadiy"]
[Result "1-0"]
[WhiteElo "2126"]
[BlackElo "1785"]
[PlyCount "117"]
[EventDate "2010.02.25"]
[EventType "swiss"]
[EventRounds "9"]
[EventCountry "CAN"]

1. e4 e5 2. Nf3 Nc6 3. d3 Nf6 4. c4 Bb4+ 5. Nbd2 O-O 6. a3 Be7 7. b4 d6 8. b5
Nb8 9. Be2 Bg4 10. O-O Nbd7 11. h3 Bh5 12. g4 Bg6 13. Nh4 Nc5 14. Nf5 Ne6 15.
Nf3 h5 16. Ne1 hxg4 17. hxg4 c6 18. bxc6 bxc6 19. Ng2 d5 20. Nxe7+ Qxe7 21.
exd5 cxd5 22. g5 Nh7 23. cxd5 Nexg5 24. d4 exd4 25. f4 Ne4 26. f5 Nc3 27. fxg6
Nxd1 28. gxh7+ Kxh7 29. Bd3+ Kg8 30. Rxd1 Rfd8 31. Re1 Qc5 32. Bf4 Re8 33. d6
Qd5 34. a4 Re6 35. Rxe6 fxe6 36. Rc1 Rf8 37. Bc4 Qf3 38. Bxe6+ Kh7 39. d7 Qa3
40. Rc8 Qe7 41. Bf5+ Kh8 42. Bg5 Qf7 43. Rxf8+ Qxf8 44. d8=Q Qxd8 45. Bxd8 Kg8
46. Bg6 Kf8 47. Nf4 Kg8 48. Ne6 d3 49. Kf2 Kh8 50. Ke3 d2 51. Kxd2 Kg8 52. Kc3
Kh8 53. Kb4 Kg8 54. Ka5 Kh8 55. Ka6 Kg8 56. Kxa7 Kh8 57. Kb7 Kg8 58. a5 Kh8 59.
a6 1-0

[Event "Scarborough CC ch Reserves op"]
[Site "Toronto CAN"]
[Date "2010.04.01"]
[Round "6"]
[White "Krupka, David"]
[Black "Posaratnanathan, Juliaan"]
[Result "1-0"]
[WhiteElo "2015"]
[BlackElo "1680"]
[PlyCount "69"]
[EventDate "2010.02.25"]
[EventType "swiss"]
[EventRounds "9"]
[EventCountry "CAN"]

1. d4 Nf6 2. c4 e6 3. Nc3 Bb4 4. Bg5 h6 5. Bh4 c5 6. d5 exd5 7. cxd5 d6 8. e3
a6 9. Nge2 Bf5 10. a3 Bxc3+ 11. Nxc3 Nbd7 12. Bd3 Bg6 13. O-O O-O 14. e4 Qc7
15. Rc1 b5 16. f3 Rfe8 17. g4 Nh7 18. f4 f6 19. Qf3 Rf8 20. Bg3 Rae8 21. h4 Re7
22. h5 Be8 23. Bb1 Kh8 24. Qd3 g6 25. e5 c4 26. Qd2 gxh5 27. Ne4 fxe5 28. fxe5
Rg8 29. exd6 Qa7+ 30. Bf2 Rxg4+ 31. Kh1 Qb7 32. dxe7 Ne5 33. Qxh6 Nf3 34. Qf8+
Rg8 35. Qxf3 1-0

[Event "Scarborough CC ch Reserves op"]
[Site "Toronto CAN"]
[Date "2010.04.01"]
[Round "6"]
[White "Lin, Tony (Juntao)"]
[Black "Huston, Scott"]
[Result "1-0"]
[WhiteElo "1734"]
[BlackElo "1630"]
[PlyCount "49"]
[EventDate "2010.02.25"]
[EventType "swiss"]
[EventRounds "9"]
[EventCountry "CAN"]

1. e4 c5 2. Nf3 d6 3. d4 cxd4 4. Nxd4 Nf6 5. Nc3 a6 6. Be3 e5 7. Nb3 Be6 8. f3
Nbd7 9. Qd2 b5 10. O-O-O Be7 11. g4 Nb6 12. Kb1 O-O 13. g5 Nfd7 14. h4 Nc4 15.
Bxc4 bxc4 16. Nc1 a5 17. f4 Bg4 18. Rdg1 Bh5 19. f5 f6 20. N1e2 Bxe2 21. Qxe2
Nb6 22. g6 Re8 23. Qh5 h6 24. Bxh6 d5 25. Bxg7 1-0